Statistics for Top 15 NBA players of all time

Click here to take the quiz!

General Stats

  • This quiz has been taken 25 times
  • The average score is 12 of 15

Answer Stats

HintAnswer% Correct
1Jordan
100%
2James
96%
6Johnson
96%
8Bird
91%
5Bryant
91%
10O’Neal
87%
4Russell
87%
9Duncan
83%
14Malone
83%
3Abdul Jabbar
74%
7Chamberlain
74%
11Olajuwon
70%
13West
61%
12Robertson
57%
15Robinson
39%

Score Distribution

Percentile by Number Answered

Percent of People with Each Score

Your Score History

You have not taken this quiz